000 01620nam a2200253Ia 4500
008 260220t1982||||xx |||||||||||||| ||spa||
020 _a8426434126
040 _aPY-SlUNAC
_bspa
_erda
041 _aspa
082 _a861.3
_bV479p
100 _aVazquez Montalban, Manuel
_eAutor
245 0 _aPraga /
_cpor Manuel Vazquez Montalban [Autor]
264 _aBarcelona :
_bOcnos,
_c℗1982.
300 _a1 volumen
520 _a"Ocnos", de Manuel Vázquez Montalbán, es una obra que se inscribe en la intersección entre la narrativa y el ensayo, donde el autor explora la identidad cultural y la vida cotidiana en Barcelona. A través de una serie de relatos que combinan la prosa poética con la reflexión filosófica, Vázquez Montalbán aborda temas como la memoria, el deseo y la búsqueda de la verdad en un contexto sociopolítico complejo. La obra se caracteriza por su estilo evocador y su capacidad para capturar la esencia de la experiencia humana, entrelazando elementos autobiográficos con una crítica social aguda. Con un enfoque en la figura del hombre y su entorno, el autor utiliza la ciudad de Barcelona como un personaje más, reflejando sus transformaciones y contradicciones. "Ocnos" se presenta, así, como un viaje introspectivo que invita al lector a indagar en sus propias vivencias, estableciendo un diálogo entre lo personal y lo colectivo.
653 _aCultura
653 _aFicción
653 _aLiteratura
942 _b2026/02/17
_cBK
999 _c9191
_d9191